Critical theories of anti-Semitism

"Despite its millennia-long history and frightening contemporary resurgence, unlike other forms of exclusion and discrimination, anti-Semitism (the author makes a case for the hyphenated spelling and the term's relation to Judeophobia, which explicitly references intersectional categories...

Full description

Saved in:  
Bibliographic Details
Main Author: Judaken, Jonathan 1968- (Author)
Format: Print Book
Language:English
Subito Delivery Service: Order now.
Check availability: HBZ Gateway
WorldCat: WorldCat
Interlibrary Loan:Interlibrary Loan for the Fachinformationsdienste (Specialized Information Services in Germany)
Published: New York Columbia University Press [2024]
In:Year: 2024
Series/Journal:New directions in critical theory
Standardized Subjects / Keyword chains:B Antisemitism
B Antisemitism / History
IxTheo Classification:AB Philosophy of religion; criticism of religion; atheism
BH Judaism
TA History
Further subjects:B Antisemitism History
Online Access: Table of Contents
Blurb
Literaturverzeichnis
Rezension (H-Soz-Kult)

MARC

LEADER 00000cam a2200000 c 4500
001 1876472359
003 DE-627
005 20251226213340.0
007 tu
008 231219s2024 xxu||||| 00| ||eng c
010 |a  2023039196 
020 |a 9780231212939  |c paperback  |9 978-0-231-21293-9 
020 |a 9780231212922  |c hardback  |9 978-0-231-21292-2 
035 |a (DE-627)1876472359 
035 |a (DE-599)KXP1876472359 
035 |a (OCoLC)1430194894 
040 |a DE-627  |b ger  |c DE-627  |e rda 
041 |a eng 
044 |c XD-US 
050 0 |a DS145 
072 7 |a REL040030  |2 bisacsh 
082 0 |a 305.892/409  |q DLC  |2 23/eng/20231214 
084 |a 0  |2 ssgn 
084 |a BD 1300  |2 rvk  |0 (DE-625)rvk/9833: 
084 |a MC 7400  |2 rvk  |0 (DE-625)rvk/122420: 
084 |a 11.29  |2 bkl 
084 |a 15.96  |2 bkl 
090 |a a 
100 1 |e VerfasserIn  |0 (DE-588)173887740  |0 (DE-627)698789113  |0 (DE-576)134726030  |4 aut  |a Judaken, Jonathan  |d 1968- 
109 |a Judaken, Jonathan 1968- 
245 1 0 |a Critical theories of anti-Semitism  |c Jonathan Judaken 
264 1 |a New York  |b Columbia University Press  |c [2024] 
264 4 |c © 2024 
300 |a x, 348 Seiten 
336 |a Text  |b txt  |2 rdacontent 
337 |a ohne Hilfsmittel zu benutzen  |b n  |2 rdamedia 
338 |a Band  |b nc  |2 rdacarrier 
490 0 |a New directions in critical theory 
500 |a Literaturverzeichnis: Seite 311-332 
520 |a "Despite its millennia-long history and frightening contemporary resurgence, unlike other forms of exclusion and discrimination, anti-Semitism (the author makes a case for the hyphenated spelling and the term's relation to Judeophobia, which explicitly references intersectional categories such as Islamophobia, xenophobia, homophobia, Negrophobia [Fanon], and others) remains undertheorized. This book is a corrective. The first systematic, comparative, and integrative analysis of the major theories and theorists, Anti-Semitism undertakes three urgently needed tasks. First, it explores key methodological and conceptual issues. Second, it identifies and considers seven major paradigms for understanding the underlying causes. Third, it applies the insights of these theories and theorists to contemporary debates about Judeophobia, offering rigor and clarity to existing disputes. Anti-Semitism as a theoretical construct dates back to the period of the Dreyfus affair (1894-1906) when historians sought to dismantle enduring myths about Jews and challenged the idea that Jews were a distinct race. Following World War I, studies focused on the links between nationalism and anti-Semitism and considered the dynamics of group formation against outsiders and minorities. The aftermath of World War II and the Holocaust saw important contributions from existentialists, critical theorists, and sociologists, leading to the formation of Holocaust studies as a discipline, but with the advent of the civil rights movement and anticolonialism in the 1950s social theorists interested in the problem of racism began to focus primarily on anti-Black prejudice, and theoretical debates on anti-Semitism receded to the background, where they remain unresolved. Jonathan Judaken evaluates anti-Semitism's internal theoretical concerns and engages in a comparative analysis with other critical race theories. In our moment of widespread racial reckoning, it is critical to reexamine the major approaches to anti-Semitism, their concepts, narratives, and assumptions, and how they are linked to other racisms in order to gain new insights in confronting its global upsurge" 
583 1 |a Archivierung/Langzeitarchivierung gewährleistet  |f FID  |x XA-DE-BW  |2 pdager  |5 DE-21 
650 0 |a Antisemitism  |x History  |2 DLC 
652 |a AB:BH:TA 
689 0 0 |d s  |0 (DE-588)4002333-3  |0 (DE-627)10639374X  |0 (DE-576)208846603  |2 gnd  |a Antisemitismus 
689 0 |5 (DE-627) 
689 1 0 |d s  |0 (DE-588)4002333-3  |0 (DE-627)10639374X  |0 (DE-576)208846603  |2 gnd  |a Antisemitismus 
689 1 1 |q z  |2 gnd  |a Geschichte 
689 1 |5 (DE-627) 
776 1 |z 9780231559638  |c ebook 
856 4 2 |u https://swbplus.bsz-bw.de/bsz1876472359inh.htm  |m V:DE-576  |m B:DE-21  |v 20241212163647  |3 Inhaltsverzeichnis  |7 1 
856 4 2 |u https://swbplus.bsz-bw.de/bsz1876472359kla.htm  |m V:DE-576  |m B:DE-21  |v 20241212163647  |3 Klappentext  |7 1 
856 4 2 |u https://swbplus.bsz-bw.de/bsz1876472359ref.htm  |m V:DE-576  |m B:DE-21  |v 20241217193132  |3 Literaturverzeichnis  |7 1 
856 4 2 |u https://www.hsozkult.de/publicationreview/id/reb-144825  |m HSK  |q text/html  |v 2025-05-06  |x Verlag  |z H-Soz-Kult  |3 Rezension  |7 1 
935 |i sf 
936 r v |a BD 1300  |b Allgemeines (auch Antisemitismus allgemein)  |k Theologie und Religionswissenschaften  |k Judaistik  |k Allgemeines  |k Judentum und Umwelt  |k Allgemeines (auch Antisemitismus allgemein)  |0 (DE-627)127064355X  |0 (DE-625)rvk/9833:  |0 (DE-576)20064355X 
936 r v |a MC 7400  |b Rassismus, Antisemitismus  |k Politologie  |k Geschichte der politischen Philosophie und der Ideologien  |k Ideologien und Massenbewegungen  |k Rassismus, Antisemitismus  |0 (DE-627)127099364X  |0 (DE-625)rvk/122420:  |0 (DE-576)20099364X 
936 b k |a 11.29  |j Judentum: Sonstiges  |x Religionswissenschaft  |0 (DE-627)106404369 
936 b k |a 15.96  |j Geschichte des jüdischen Volkes außerhalb des Staates Israel  |q SEPA  |0 (DE-627)106404660 
951 |a BO 
ELC |b 1 
ITA |a 1  |t 1 
LOK |0 000 xxxxxcx a22 zn 4500 
LOK |0 001 4610357356 
LOK |0 003 DE-627 
LOK |0 004 1876472359 
LOK |0 005 20241202093304 
LOK |0 008 241106||||||||||||||||ger||||||| 
LOK |0 040   |a DE-21  |c DE-627  |d DE-21 
LOK |0 852   |a DE-21 
LOK |0 852 1  |c 64 A 5261  |9 00 
LOK |0 935   |a theo 
LOK |0 938   |a 2412  |f 1 
LOK |0 939   |a 06-11-24  |b l01 
LOK |0 000 xxxxxcx a22 zn 4500 
LOK |0 001 4688287240 
LOK |0 003 DE-627 
LOK |0 004 1876472359 
LOK |0 005 20250319155617 
LOK |0 008 250319||||||||||||||||ger||||||| 
LOK |0 040   |a DE-Tue135  |c DE-627  |d DE-Tue135 
LOK |0 092   |o n 
LOK |0 852   |a DE-Tue135 
LOK |0 852 1  |9 00 
LOK |0 936ln  |0 1442043520  |a BH 
LOK |0 936ln  |0 1442042990  |a AB 
LOK |0 936ln  |0 1442053402  |a TA 
LOK |0 939   |a 19-03-25  |b l01 
ORI |a SA-MARC-ixtheoa001.raw 
REL |a 1 
STA 0 0 |a Antisemitism,Antisemitism,Antisemitism in art,History,History,History in art 
STB 0 0 |a Antisémitisme,Antisémitisme,Histoire,Histoire,Histoire 
STC 0 0 |a Antisemitismo,Antisemitismo,Historia,Historia,Historia 
STD 0 0 |a Antisemitismo,Antisemitismo,Storia,Storia 
STE 0 0 |a 历史,史,反犹太主义,反犹太主义 
STF 0 0 |a 反猶太主義,反猶太主義,歷史,史 
STG 0 0 |a Antissemitismo,Antissemitismo,História,História 
STH 0 0 |a Антисемитизм (мотив),Антисемитизм,История (мотив),История 
STI 0 0 |a Αντισημιτισμός (μοτίβο),Αντισημιτισμός,Ιστορία (μοτίβο),Ιστορία 
SUB |a REL 
SYG 0 0 |a Judenfeindschaft,Judenhass,Judenfeindschaft,Judenhass , Judenfeindschaft,Judenhass,Judenfeindschaft,Judenhass , History,Geschichtliche Epoche,Historical development,Historische Entwicklung,Landesgeschichte,Regionalgeschichte,Ortsgeschichte,Zeitgeschichte